LEADER 01344nam a2200205 i 4500 001 000000165663 003 CaOOAMICUS 005 20071023000000.0 008 071023s1901 it u000 u ita u 013 $a143031 040 $aSeMil$bita 245 10$aScelta di poesie e di prose di Ugo Foscolo per la gioventù italiana :$bcanzoni, odi, sonetti, traduzioni, i sepoleri, le grazie, lettere alla famiglia, ad amici e a dotti del tempo, dal Jacopo Ortis, dal viaggio sentimentale di Yorich, prose letterarie /$cA cura del Dott. Pio Spagnotti Titolare di Lingua Italiana nella Regia Scuola Tecnica Valperga Caluso di Torino. 260 $aMilano :$bU. Hoepli,$c1901. 300 $aXII, 352 p., [1] p. di ritratto ;$c20 cm. 650 4$aFoscolo, Ugo <1778-1827> - Opere.$0(OLS)http://semarc/subject/3002 700 1 $aSpagnotti, Pio.$0(OLS)http://semarc/name/62482 850 $aSeMil 852 $aSeMil$W1$xVenegono$y1$m1M IV 10$j116847$B116847$CSeMilBibl$Z2$F127758 $81 996 $6245$aScelta di poesie e di prose di Ugo Foscolo per la gioventù italiana :$bcanzoni, odi, sonetti, traduzioni, i sepoleri, le grazie, lettere alla famiglia, ad amici e a dotti del tempo, dal Jacopo Ortis, dal viaggio sentimentale di Yorich, prose letterarie$9(OLS)http://semarc/title/236541 996 $6260$aMilano :$bU. Hoepli$9(OLS)http://semarc/publisher/33212 LEADER 00980nam a2200205 i 4500 001 000000197552 003 CaOOAMICUS 005 20110215000000.0 008 110215s1592 it u000 u ita u 013 $a176239 040 $aSeMil$bita 245 10$aHistoria dell'antichità di Milano, divisa in quattro libri. 260 $aVenezia :$bappresso i Fratelli Guerra,$c1592. 300 $a15,5 x 21 ;$cpp. 802 ;$crom. 500 $aDescrizione da : Incunaboli e Cinquecentine della Biblioteca del Seminario di Milano / catalogo a cura di Ubaldo Valentini, Milano 1981. - Numero di catalogo : 1132. 700 1 $aMorigia, Paolo,$d<1525-1604>.$0(OLS)http://semarc/name/38237 850 $aSeMil 852 $aSeMil$W1$xVenegono$y1$mFV.F III 81$j148111$B148111$CSeMilBibl$Z2$F159533 $86 996 $6245$aHistoria dell'antichità di Milano, divisa in quattro libri$9(OLS)http://semarc/title/285264 996 $6260$aVenezia :$bappresso i Fratelli Guerra$9(OLS)http://semarc/publisher/51010